[Event "Test Tournament"]
[Site "Emanuel Lasker Arena"]
[Date "2024.04.09"]
[Round "2"]
[White "Brutus"]
[Black "Josha Matin"]
[Result "1/2-1/2"]
[WhiteElo "2043"]
[BlackElo "2225"]
[Annotator "RC"]
[PlyCount "98"]
[EventDate "2024.04.09"]
[EventType "swiss (blitz)"]
[TimeControl "60"]

1. d4 {[%emt 0:00:01]} Nf6 {[%emt 0:00:01]} 2. c4 {[%emt 0:00:01]} g6 {[%emt 0:00:01]} 3. Nc3 {[%emt 0:00:01]} Bg7 {[%emt 0:00:01]} 4. e4 {[%emt 0:00:01]} d6 {[%emt 0:00:01]} 5. Nf3 {[%emt 0:00:01]} O-O {[%emt 0:00:01]} 6. Be2 {[%emt 0:00:01]} e5 {[%emt 0:00:01]} 7. O-O {[%emt 0:00:01]} Nc6 {[%emt 0:00:01]} 8. d5 {[%emt 0:00:01]} Ne7 {[%emt 0:00:01]} 9. Ne1 {[%emt 0:00:01]} Nd7 {[%emt 0:00:01]} 10. Nd3 {[%emt 0:00:01]} f5 {[%emt 0:00:01]} 11. Bd2 {[%emt 0:00:01]} Kh8 {[%emt 0:00:01]} 12. b4 {[%emt 0:00:04]} Nf6 {[%emt 0:00:04]} 13. f3 {[%emt 0:00:01]} f4 {[%emt 0:00:00]} 14. a4 {[%emt 0:00:01]} g5 {[%emt 0:00:00]} 15. a5 {[%emt 0:00:03]} c6 {[%emt 0:00:02]} 16. Kh1 {[%emt 0:00:03]} h5 {[%emt 0:00:03]} 17. Qa4 {[%emt 0:00:06]} g4 {[%emt 0:00:03]} 18. Qa3 {[%emt 0:00:04]} Bh6 {[%emt 0:00:03]} 19. g3 {[%emt 0:00:02]} b5 {[%emt 0:00:03]} 20. Nxe5 {[%emt 0:00:03]} dxe5 {[%emt 0:00:01]} 21. gxf4 {[%emt 0:00:01]} bxc4 {[%emt 0:00:05]} 22. fxe5 {[%emt 0:00:03]} Be3 {[%emt 0:00:01]} 23. Bxe3 {[%emt 0:00:00]} Nfxd5 {[%emt 0:00:01]} 24. exd5 {[%emt 0:00:01]} Nxd5 {[%emt 0:00:01]} 25. Nxd5 {[%emt 0:00:01]} Qxd5 {[%emt 0:00:01]} 26. b5 {[%emt 0:00:02]} Bf5 {[%emt 0:00:03]} 27. Qd6 {[%emt 0:00:02]} Qxd6 {[%emt 0:00:02]} 28. exd6 {[%emt 0:00:01]} cxb5 {[%emt 0:00:01]} 29. fxg4 {[%emt 0:00:01]} hxg4 {[%emt 0:00:01]} 30. Bd4+ {[%emt 0:00:02]} Kg8 {[%emt 0:00:01]} 31. a6 {[%emt 0:00:01]} Rad8 {[%emt 0:00:02]} 32. Bxa7 {[%emt 0:00:01]} Be4+ {[%emt 0:00:02]} 33. Kg1 {[%emt 0:00:01]} Bf3 {[%emt 0:00:02]} 34. Bxf3 {[%emt 0:00:00]} gxf3 {[%emt 0:00:01]} 35. Bd4 {[%emt 0:00:01]} Rxd6 {[%emt 0:00:01]} 36. Bc5 {[%emt 0:00:01]} Rg6+ {[%emt 0:00:01]} 37. Kh1 {[%emt 0:00:01]} Ra8 {[%emt 0:00:01]} 38. a7 {[%emt 0:00:01]} c3 {[%emt 0:00:00]} 39. Rxf3 {[%emt 0:00:00]} b4 {[%emt 0:00:01]} 40. Bxb4 {[%emt 0:00:00]} c2 {[%emt 0:00:00]} 41. Bc5 {[%emt 0:00:00]} Rxa7 {[%emt 0:00:01]} 42. Bxa7 {[%emt 0:00:00]} Rg4 {[%emt 0:00:01]} 43. Rg1 {[%emt 0:00:00]} Rxg1+ {[%emt 0:00:01]} 44. Bxg1 {[%emt 0:00:01]} c1=Q {[%emt 0:00:00]} 45. Rg3+ {[%emt 0:00:01]} Kh7 {[%emt 0:00:00]} 46. h3 {[%emt 0:00:00]} Qa1 {[%emt 0:00:00]} 47. Rg2 {[%emt 0:00:00]} Qxg1+ {[%emt 0:00:00]} 48. Kxg1 {[%emt 0:00:01]} Kh6 {[%emt 0:00:00]} 49. Rg8 {[%emt 0:00:00] .} Kh7 {[%emt 0:00:00]} 1/2-1/2

[Event "Test Tournament"]
[Site "Emanuel Lasker Arena"]
[Date "2024.04.09"]
[Round "2"]
[White "Brutus"]
[Black "Encheladus"]
[Result "1-0"]
[WhiteElo "2041"]
[BlackElo "1620"]
[Annotator "RC"]
[PlyCount "87"]
[EventDate "2024.04.09"]
[EventType "swiss (blitz)"]
[TimeControl "60"]

1. d4 {[%emt 0:00:01]} Nf6 {[%emt 0:00:01]} 2. c4 {[%emt 0:00:01]} e6 {[%emt 0:00:01]} 3. Nc3 {[%emt 0:00:01]} Bb4 {[%emt 0:00:01]} 4. e3 {[%emt 0:00:01]} O-O {[%emt 0:00:01]} 5. Nge2 {[%emt 0:00:01]} d5 {[%emt 0:00:01]} 6. a3 {[%emt 0:00:01]} Be7 {[%emt 0:00:01]} 7. cxd5 {[%emt 0:00:01]} exd5 {[%emt 0:00:01]} 8. g3 {[%emt 0:00:01]} c6 {[%emt 0:00:01]} 9. Bg2 {[%emt 0:00:01]} Bd6 {[%emt 0:00:01]} 10. Bd2 {[%emt 0:00:02]} Bf5 {[%emt 0:00:01]} 11. h3 {[%emt 0:00:02]} Re8 {[%emt 0:00:03]} 12. Qb3 {[%emt 0:00:05]} b5 {[%emt 0:00:03]} 13. O-O {[%emt 0:00:03]} Bd3 {[%emt 0:00:04]} 14. Rfd1 {[%emt 0:00:03]} a5 {[%emt 0:00:03]} 15. Be1 {[%emt 0:00:03]} a4 {[%emt 0:00:01]} 16. Qa2 {[%emt 0:00:01]} Bc4 {[%emt 0:00:03]} 17. Qb1 {[%emt 0:00:01]} Na6 {[%emt 0:00:03]} 18. Nf4 {[%emt 0:00:03]} Qd7 {[%emt 0:00:03]} 19. Qc2 {[%emt 0:00:03]} g5 {[%emt 0:00:03]} 20. Nd3 {[%emt 0:00:02]} h5 {[%emt 0:00:02]} 21. Ne5 {[%emt 0:00:02]} Bxe5 {[%emt 0:00:01]} 22. dxe5 {[%emt 0:00:01]} Rxe5 {[%emt 0:00:03]} 23. Rac1 {[%emt 0:00:03]} Bb3 {[%emt 0:00:02]} 24. Qd3 {[%emt 0:00:02]} Nc5 {[%emt 0:00:01]} 25. Qd4 {[%emt 0:00:01]} Qd6 {[%emt 0:00:02]} 26. Nxb5 {[%emt 0:00:01]} cxb5 {[%emt 0:00:01]} 27. Rxc5 {[%emt 0:00:01]} Bxd1 {[%emt 0:00:01]} 28. Bd2 {[%emt 0:00:01]} Re6 {[%emt 0:00:01]} 29. Bb4 {[%emt 0:00:02]} Bb3 {[%emt 0:00:01]} 30. Kh2 {[%emt 0:00:01]} Bc4 {[%emt 0:00:02]} 31. Rxc4 {[%emt 0:00:01]} Qe5 {[%emt 0:00:02]} 32. Qxe5 {[%emt 0:00:00]} Rxe5 {[%emt 0:00:01]} 33. Rc5 {[%emt 0:00:01]} Rb8 {[%emt 0:00:01]} 34. Bc3 {[%emt 0:00:01]} Rf5 {[%emt 0:00:01]} 35. Rc6 {[%emt 0:00:01]} Ne4 {[%emt 0:00:01]} 36. Be1 {[%emt 0:00:01]} Nxf2 {[%emt 0:00:01]} 37. Bc3 {[%emt 0:00:01]} Nd1 {[%emt 0:00:01]} 38. e4 {[%emt 0:00:01]} dxe4 {[%emt 0:00:01]} 39. Bxe4 {[%emt 0:00:00]} Rf2+ {[%emt 0:00:00]} 40. Kg1 {[%emt 0:00:01]} Nxc3 {[%emt 0:00:00]} 41. bxc3 {[%emt 0:00:01]} Ra2 {[%emt 0:00:01]} 42. Bd5 {[%emt 0:00:00]} Rxa3 {[%emt 0:00:01]} 43. Rc7 {[%emt 0:00:00]} Ra1+ {[%emt 0:00:00]} 44. Kg2 {[%emt 0:00:01] (Lag: Av=0.06s, max=0.6s)} 1-0

[Event "Test Tournament"]
[Site "Emanuel Lasker Arena"]
[Date "2024.04.09"]
[Round "2"]
[White "Antonella"]
[Black "Alicia"]
[Result "1-0"]
[WhiteElo "2040"]
[BlackElo "2226"]
[Annotator "RC"]
[PlyCount "69"]
[EventDate "2024.04.09"]
[EventType "swiss (blitz)"]
[TimeControl "60"]

1. e4 {[%emt 0:00:01]} c5 {[%emt 0:00:01]} 2. Nf3 {[%emt 0:00:01]} d6 {[%emt 0:00:01]} 3. d4 {[%emt 0:00:01]} cxd4 {[%emt 0:00:01]} 4. Nxd4 {[%emt 0:00:01]} Nf6 {[%emt 0:00:01]} 5. Nc3 {[%emt 0:00:01]} a6 {[%emt 0:00:01]} 6. Be3 {[%emt 0:00:01]} e6 {[%emt 0:00:01]} 7. f3 {[%emt 0:00:01]} b5 {[%emt 0:00:04]} 8. Qd2 {[%emt 0:00:01]} Bb7 {[%emt 0:00:01]} 9. a4 {[%emt 0:00:01]} b4 {[%emt 0:00:08]} 10. Na2 {[%emt 0:00:14]} d5 {[%emt 0:00:00]} 11. e5 {[%emt 0:00:01]} h5 {[%emt 0:00:09]} 12. exf6 {[%emt 0:00:01]} gxf6 {[%emt 0:00:01]} 13. c3 {[%emt 0:00:01]} bxc3 {[%emt 0:00:02]} 14. Nxc3 {[%emt 0:00:01]} Qb6 {[%emt 0:00:02]} 15. Nf5 {[%emt 0:00:03]} Qb3 {[%emt 0:00:03]} 16. Nd4 {[%emt 0:00:03]} Bc5 {[%emt 0:00:07]} 17. Nxb3 {[%emt 0:00:01]} Bb4 {[%emt 0:00:02]} 18. Bb6 {[%emt 0:00:02]} Nd7 {[%emt 0:00:02]} 19. Ba5 {[%emt 0:00:02]} Bd6 {[%emt 0:00:02]} 20. Nd1 {[%emt 0:00:02]} f5 {[%emt 0:00:01]} 21. Bc3 {[%emt 0:00:02]} Ne5 {[%emt 0:00:01]} 22. f4 {[%emt 0:00:02]} d4 {[%emt 0:00:02]} 23. Qxd4 {[%emt 0:00:01]} Bd5 {[%emt 0:00:01]} 24. fxe5 {[%emt 0:00:01]} Bf8 {[%emt 0:00:01]} 25. Nd2 {[%emt 0:00:01]} h4 {[%emt 0:00:01]} 26. a5 {[%emt 0:00:01]} Bh6 {[%emt 0:00:01]} 27. Qa4+ {[%emt 0:00:01]} Kf8 {[%emt 0:00:01]} 28. Qb4+ {[%emt 0:00:01]} Kg7 {[%emt 0:00:01]} 29. Qd4 {[%emt 0:00:01]} h3 {[%emt 0:00:01]} 30. Ne3 {[%emt 0:00:01]} Rhd8 {[%emt 0:00:01]} 31. Nxd5 {[%emt 0:00:01]} Rxd5 {[%emt 0:00:00]} 32. Qf2 {[%emt 0:00:01]} Bg5 {[%emt 0:00:01]} 33. Bc4 {[%emt 0:00:01]} Rad8 {[%emt 0:00:01]} 34. Bxd5 {[%emt 0:00:01]} hxg2 {[%emt 0:00:01] '} 35. Bxg2 {[%emt 0:00:01] (Lag: Av=0.06s, max=0.3s)} 1-0

[Event "Test Tournament"]
[Site "Emanuel Lasker Arena"]
[Date "2024.04.09"]
[Round "2"]
[White "ArrowPlay"]
[Black "Brutus"]
[Result "1-0"]
[WhiteElo "2027"]
[BlackElo "2041"]
[Annotator "RC"]
[PlyCount "91"]
[EventDate "2024.04.09"]
[EventType "swiss (blitz)"]
[TimeControl "60"]

1. d4 {[%emt 0:00:01]} d5 {[%emt 0:00:01]} 2. c4 {[%emt 0:00:01]} e6 {[%emt 0:00:01]} 3. Nc3 {[%emt 0:00:01]} c5 {[%emt 0:00:01]} 4. cxd5 {[%emt 0:00:01]} exd5 {[%emt 0:00:01]} 5. dxc5 {[%emt 0:00:01]} d4 {[%emt 0:00:01]} 6. Na4 {[%emt 0:00:01]} b5 {[%emt 0:00:01]} 7. cxb6 {[%emt 0:00:01]} axb6 {[%emt 0:00:01]} 8. b3 {[%emt 0:00:01]} b5 {[%emt 0:00:01]} 9. Nb2 {[%emt 0:00:01]} Nc6 {[%emt 0:00:02]} 10. Nf3 {[%emt 0:00:04]} Nf6 {[%emt 0:00:03]} 11. a4 {[%emt 0:00:04]} Bb4+ {[%emt 0:00:04]} 12. Bd2 {[%emt 0:00:01]} O-O {[%emt 0:00:03]} 13. axb5 {[%emt 0:00:01]} Rxa1 {[%emt 0:00:04]} 14. Qxa1 {[%emt 0:00:01]} Bxd2+ {[%emt 0:00:01]} 15. Nxd2 {[%emt 0:00:01]} Na5 {[%emt 0:00:03]} 16. Nbc4 {[%emt 0:00:03]} Nb7 {[%emt 0:00:03]} 17. Qa7 {[%emt 0:00:03]} Qd5 {[%emt 0:00:03]} 18. e3 {[%emt 0:00:06]} Qxb5 {[%emt 0:00:01]} 19. Qxd4 {[%emt 0:00:01]} Rd8 {[%emt 0:00:02]} 20. Nb6 {[%emt 0:00:03]} Qc6 {[%emt 0:00:02]} 21. Qb4 {[%emt 0:00:01]} Qc1+ {[%emt 0:00:01]} 22. Ke2 {[%emt 0:00:00]} Bg4+ {[%emt 0:00:02]} 23. f3 {[%emt 0:00:01]} Bf5 {[%emt 0:00:02]} 24. g4 {[%emt 0:00:03]} Bd3+ {[%emt 0:00:01]} 25. Kf2 {[%emt 0:00:01]} Nc5 {[%emt 0:00:01]} 26. Bg2 {[%emt 0:00:02]} Qc2 {[%emt 0:00:02]} 27. Kg3 {[%emt 0:00:03]} h5 {[%emt 0:00:01]} 28. g5 {[%emt 0:00:01]} Bb5 {[%emt 0:00:01]} 29. Nf1 {[%emt 0:00:02]} Nd3 {[%emt 0:00:01]} 30. Qxb5 {[%emt 0:00:01]} Qf2+ {[%emt 0:00:01]} 31. Kh3 {[%emt 0:00:01]} Ne1 {[%emt 0:00:01]} 32. Rg1 {[%emt 0:00:01]} Qxg1 {[%emt 0:00:01]} 33. Qe2 {[%emt 0:00:01]} Nxg2 {[%emt 0:00:01]} 34. Qxg2 {[%emt 0:00:01]} Qxg2+ {[%emt 0:00:00]} 35. Kxg2 {[%emt 0:00:01]} Rd6 {[%emt 0:00:01]} 36. Nc4 {[%emt 0:00:01]} Rd3 {[%emt 0:00:00]} 37. gxf6 {[%emt 0:00:00]} Rxb3 {[%emt 0:00:00]} 38. fxg7 {[%emt 0:00:00]} Kxg7 {[%emt 0:00:00]} 39. Ng3 {[%emt 0:00:00]} Kg6 {[%emt 0:00:01]} 40. f4 {[%emt 0:00:01]} h4 {[%emt 0:00:00]} 41. Ne4 {[%emt 0:00:01]} f5 {[%emt 0:00:01]} 42. Ne5+ {[%emt 0:00:00]} Kg7 {[%emt 0:00:01]} 43. Nd6 {[%emt 0:00:00]} Kf6 {[%emt 0:00:00]} 44. Nec4 {[%emt 0:00:01]} Rc3 {[%emt 0:00:00]} 45. Kh3 {[%emt 0:00:01]} Rc2 {[%emt 0:00:00] '} 46. Kxh4 {[%emt 0:00:01] (Lag: Av=0.06s, max=0.4s)} 1-0

[Event "Test Tournament"]
[Site "Emanuel Lasker Arena"]
[Date "2024.04.09"]
[Round "2"]
[White "ArrowPlay"]
[Black "Melancholia"]
[Result "1-0"]
[WhiteElo "2027"]
[BlackElo "1620"]
[Annotator "RC"]
[PlyCount "53"]
[EventDate "2024.04.09"]
[EventType "swiss (blitz)"]

1. e4 {[%emt 0:00:01]} c6 {[%emt 0:00:01]} 2. d4 {[%emt 0:00:01]} d5 {[%emt 0:00:02]} 3. e5 {[%emt 0:00:00]} Bf5 {[%emt 0:00:01]} 4. Nf3 {[%emt 0:00:01]} e6 {[%emt 0:00:01]} 5. Be2 {[%emt 0:00:01]} Ne7 {[%emt 0:00:01]} 6. O-O {[%emt 0:00:01]} h6 {[%emt 0:00:02]} 7. Nbd2 {[%emt 0:00:01]} Nd7 {[%emt 0:00:01]} 8. a4 {[%emt 0:00:01]} Bh7 {[%emt 0:00:02]} 9. Nb3 {[%emt 0:00:01]} Ng6 {[%emt 0:00:02]} 10. a5 {[%emt 0:00:01]} Be7 {[%emt 0:00:01]} 11. c4 {[%emt 0:00:00]} Qc7 {[%emt 0:00:06]} 12. a6 {[%emt 0:00:01]} b6 {[%emt 0:00:09]} 13. cxd5 {[%emt 0:00:04]} cxd5 {[%emt 0:00:01]} 14. Bb5 {[%emt 0:00:01]} O-O {[%emt 0:00:02]} 15. Be3 {[%emt 0:00:07]} Nh4 {[%emt 0:00:02]} 16. Rc1 {[%emt 0:00:03]} Nxf3+ {[%emt 0:00:03]} 17. Qxf3 {[%emt 0:00:01]} Qd8 {[%emt 0:00:01]} 18. Qg4 {[%emt 0:00:06]} Bf5 {[%emt 0:00:02]} 19. Qg3 {[%emt 0:00:03]} Bg5 {[%emt 0:00:02]} 20. f4 {[%emt 0:00:02]} Qc8 {[%emt 0:00:08]} 21. fxg5 {[%emt 0:00:01]} Nb8 {[%emt 0:00:02]} 22. gxh6 {[%emt 0:00:01]} g6 {[%emt 0:00:01]} 23. Rxc8 {[%emt 0:00:02]} Rxc8 {[%emt 0:00:00]} 24. Rc1 {[%emt 0:00:02]} Rc2 {[%emt 0:00:01]} 25. Qh4 {[%emt 0:00:01]} Rxb2 {[%emt 0:00:01]} 26. h7+ {[%emt 0:00:01]} Kg7 {[%emt 0:00:01]} 27. h8=Q# {[%emt 0:00:01] (Lag: Av=0.08s, max=0.6s)} 1-0

[Event "Test Tournament"]
[Site "Emanuel Lasker Arena"]
[Date "2024.04.09"]
[Round "2"]
[White "NicholasRenzi"]
[Black "Daenerys"]
[Result "0-1"]
[WhiteElo "2016"]
[BlackElo "1922"]
[Annotator "RC"]
[PlyCount "46"]
[EventDate "2024.04.09"]
[EventType "swiss (blitz)"]
[TimeControl "60"]

1. d4 {[%emt 0:00:01]} Nf6 {[%emt 0:00:01]} 2. c4 {[%emt 0:00:01]} e5 {[%emt 0:00:02]} 3. e3 {[%emt 0:00:01]} exd4 {[%emt 0:00:02]} 4. exd4 {[%emt 0:00:01]} d5 {[%emt 0:00:01]} 5. Nf3 {[%emt 0:00:01]} Be7 {[%emt 0:00:01]} 6. Nc3 {[%emt 0:00:05]} O-O {[%emt 0:00:01]} 7. Bd3 {[%emt 0:00:01]} dxc4 {[%emt 0:00:01]} 8. Bxc4 {[%emt 0:00:01]} Nbd7 {[%emt 0:00:01]} 9. O-O {[%emt 0:00:01]} Nb6 {[%emt 0:00:02]} 10. Bb3 {[%emt 0:00:01]} c6 {[%emt 0:00:02]} 11. Ne5 {[%emt 0:00:01]} h6 {[%emt 0:00:01]} 12. Re1 {[%emt 0:00:01]} Bb4 {[%emt 0:00:02]} 13. Qd3 {[%emt 0:00:02]} a5 {[%emt 0:00:06]} 14. Bxh6 {[%emt 0:00:01]} Ng4 {[%emt 0:00:01]} 15. Bf4 {[%emt 0:00:06]} Qh4 {[%emt 0:00:03]} 16. Bg3 {[%emt 0:00:04]} Qf6 {[%emt 0:00:03]} 17. Ng6 {[%emt 0:00:03]} Bf5 {[%emt 0:00:03]} 18. Nd5 {[%emt 0:00:02]} Qxg6 {[%emt 0:00:01]} 19. Nxb4 {[%emt 0:00:01]} Bxd3 {[%emt 0:00:01]} 20. Nxd3 {[%emt 0:00:01]} Qxd3 {[%emt 0:00:01]} 21. Rad1 {[%emt 0:00:03]} Qg6 {[%emt 0:00:02]} 22. Re7 {[%emt 0:00:02]} Qf6 {[%emt 0:00:02]} 23. Rxb7 {[%emt 0:00:01]} a4 {[%emt 0:00:02] Time (Lag: Av=0.08s, max=0.8s) .} 0-1

[Event "Test Tournament"]
[Site "Emanuel Lasker Arena"]
[Date "2024.04.02"]
[Round "2"]
[White "ArrowPlay"]
[Black "Leuwe"]
[Result "1-0"]
[WhiteElo "1998"]
[BlackElo "2262"]
[Annotator "RC"]
[PlyCount "103"]
[EventDate "2024.04.02"]
[EventType "swiss (blitz)"]

1. d4 {[%emt 0:00:01]} Nf6 {[%emt 0:00:01]} 2. c4 {[%emt 0:00:01]} e6 {[%emt 0:00:01]} 3. Nc3 {[%emt 0:00:01]} Bb4 {[%emt 0:00:01]} 4. e3 {[%emt 0:00:01]} O-O {[%emt 0:00:01]} 5. Bd3 {[%emt 0:00:01]} c5 {[%emt 0:00:01]} 6. Nf3 {[%emt 0:00:01]} d5 {[%emt 0:00:01]} 7. O-O {[%emt 0:00:01]} Nc6 {[%emt 0:00:01]} 8. a3 {[%emt 0:00:01]} Bxc3 {[%emt 0:00:01]} 9. bxc3 {[%emt 0:00:01]} dxc4 {[%emt 0:00:01]} 10. Bxc4 {[%emt 0:00:01]} b6 {[%emt 0:00:01]} 11. Bb5 {[%emt 0:00:01]} Bb7 {[%emt 0:00:02]} 12. dxc5 {[%emt 0:00:02]} bxc5 {[%emt 0:00:01]} 13. Bb2 {[%emt 0:00:01]} Ne4 {[%emt 0:00:01]} 14. c4 {[%emt 0:00:01]} a6 {[%emt 0:00:08]} 15. Ba4 {[%emt 0:00:02]} Na5 {[%emt 0:00:01]} 16. Rc1 {[%emt 0:00:01]} Rb8 {[%emt 0:00:02]} 17. Be5 {[%emt 0:00:02]} Rc8 {[%emt 0:00:01]} 18. Bd7 {[%emt 0:00:02]} Ra8 {[%emt 0:00:01]} 19. h3 {[%emt 0:00:03]} h6 {[%emt 0:00:04]} 20. Qd3 {[%emt 0:00:01]} Bc6 {[%emt 0:00:03]} 21. Rfd1 {[%emt 0:00:01]} Qxd7 {[%emt 0:00:00]} 22. Qxd7 {[%emt 0:00:00]} Bxd7 {[%emt 0:00:01]} 23. Rxd7 {[%emt 0:00:01]} f6 {[%emt 0:00:01]} 24. Bd6 {[%emt 0:00:01]} Rfd8 {[%emt 0:00:01]} 25. Rxd8+ {[%emt 0:00:01]} Rxd8 {[%emt 0:00:01]} 26. Be7 {[%emt 0:00:02]} Rd3 {[%emt 0:00:02]} 27. a4 {[%emt 0:00:02]} Nb3 {[%emt 0:00:02]} 28. Rb1 {[%emt 0:00:02]} Kf7 {[%emt 0:00:02]} 29. Bd8 {[%emt 0:00:02]} Rxd8 {[%emt 0:00:01]} 30. Rxb3 {[%emt 0:00:01]} Rd1+ {[%emt 0:00:01]} 31. Kh2 {[%emt 0:00:01]} Nxf2 {[%emt 0:00:00]} 32. Rb7+ {[%emt 0:00:02]} Kg6 {[%emt 0:00:01]} 33. Nh4+ {[%emt 0:00:02]} Kh5 {[%emt 0:00:01]} 34. Nf3 {[%emt 0:00:02]} g5 {[%emt 0:00:02]} 35. g4+ {[%emt 0:00:02]} Kg6 {[%emt 0:00:01]} 36. Rc7 {[%emt 0:00:02]} Ne4 {[%emt 0:00:02]} 37. a5 {[%emt 0:00:02]} h5 {[%emt 0:00:01]} 38. Ra7 {[%emt 0:00:01]} Rc1 {[%emt 0:00:01]} 39. gxh5+ {[%emt 0:00:00]} Kxh5 {[%emt 0:00:00]} 40. Rxa6 {[%emt 0:00:01]} Rc2+ {[%emt 0:00:01]} 41. Kg1 {[%emt 0:00:01]} e5 {[%emt 0:00:01]} 42. Rc6 {[%emt 0:00:01]} g4 {[%emt 0:00:01]} 43. Ne1 {[%emt 0:00:01]} Ra2 {[%emt 0:00:01]} 44. hxg4+ {[%emt 0:00:01]} Kxg4 {[%emt 0:00:00]} 45. Nd3 {[%emt 0:00:01]} Kf3 {[%emt 0:00:01]} 46. Nxc5 {[%emt 0:00:01]} Nxc5 {[%emt 0:00:01]} 47. Rxc5 {[%emt 0:00:01]} Kxe3 {[%emt 0:00:00]} 48. Rc6 {[%emt 0:00:01]} f5 {[%emt 0:00:01]} 49. Rf6 {[%emt 0:00:01]} Ra1+ {[%emt 0:00:01]} 50. Kh2 {[%emt 0:00:01]} Ra2+ {[%emt 0:00:01]} 51. Kg3 {[%emt 0:00:01]} f4+ {[%emt 0:00:01]} 52. Kg4 {[%emt 0:00:01]} 1-0

[Event "Test Tournament"]
[Site "Emanuel Lasker Arena"]
[Date "2024.04.02"]
[Round "2"]
[White "ArrowPlay"]
[Black "Swindler"]
[Result "1-0"]
[WhiteElo "1996"]
[BlackElo "2231"]
[Annotator "RC"]
[PlyCount "95"]
[EventDate "2024.04.02"]
[EventType "swiss (blitz)"]

1. e4 {[%emt 0:00:01]} c5 {[%emt 0:00:01]} 2. Nf3 {[%emt 0:00:01]} d6 {[%emt 0:00:01]} 3. d4 {[%emt 0:00:01]} cxd4 {[%emt 0:00:01]} 4. Nxd4 {[%emt 0:00:01]} Nf6 {[%emt 0:00:01]} 5. Nc3 {[%emt 0:00:01]} e6 {[%emt 0:00:01]} 6. Be2 {[%emt 0:00:01]} Nc6 {[%emt 0:00:01]} 7. Be3 {[%emt 0:00:01]} Be7 {[%emt 0:00:01]} 8. Qd2 {[%emt 0:00:02]} Nxd4 {[%emt 0:00:00]} 9. Bxd4 {[%emt 0:00:00]} h5 {[%emt 0:00:02]} 10. O-O-O {[%emt 0:00:02]} Qa5 {[%emt 0:00:02]} 11. f4 {[%emt 0:00:01]} e5 {[%emt 0:00:01]} 12. Bb5+ {[%emt 0:00:02]} Kf8 {[%emt 0:00:01]} 13. fxe5 {[%emt 0:00:01]} dxe5 {[%emt 0:00:00]} 14. Bxe5 {[%emt 0:00:00]} Bg4 {[%emt 0:00:02]} 15. Rde1 {[%emt 0:00:02]} Rd8 {[%emt 0:00:02]} 16. Qg5 {[%emt 0:00:02]} Qb4 {[%emt 0:00:02]} 17. Kb1 {[%emt 0:00:01]} a5 {[%emt 0:00:02]} 18. a3 {[%emt 0:00:01]} Qc5 {[%emt 0:00:02]} 19. Rhf1 {[%emt 0:00:01]} h4 {[%emt 0:00:01]} 20. h3 {[%emt 0:00:02]} Rh5 {[%emt 0:00:03]} 21. Qf4 {[%emt 0:00:01]} Rxe5 {[%emt 0:00:01]} 22. hxg4 {[%emt 0:00:00]} Bd6 {[%emt 0:00:02]} 23. Rd1 {[%emt 0:00:02]} Rg5 {[%emt 0:00:01]} 24. Qf3 {[%emt 0:00:01]} Rxg4 {[%emt 0:00:01]} 25. Rd5 {[%emt 0:00:02]} Rg3 {[%emt 0:00:03]} 26. Qf5 {[%emt 0:00:01]} Qc7 {[%emt 0:00:01]} 27. Rd2 {[%emt 0:00:02]} Rxc3 {[%emt 0:00:03]} 28. bxc3 {[%emt 0:00:01]} Qxc3 {[%emt 0:00:01]} 29. Rd3 {[%emt 0:00:02]} Qc7 {[%emt 0:00:01]} 30. e5 {[%emt 0:00:01]} Qc5 {[%emt 0:00:03]} 31. exd6 {[%emt 0:00:01]} Qxf5 {[%emt 0:00:02]} 32. Rxf5 {[%emt 0:00:01]} Ne4 {[%emt 0:00:02]} 33. d7 {[%emt 0:00:01]} h3 {[%emt 0:00:02]} 34. gxh3 {[%emt 0:00:01]} Kg8 {[%emt 0:00:02]} 35. Re5 {[%emt 0:00:01]} Nf6 {[%emt 0:00:01]} 36. Re7 {[%emt 0:00:01]} Kh7 {[%emt 0:00:02]} 37. Rd6 {[%emt 0:00:01]} Kg8 {[%emt 0:00:02]} 38. Rxf6 {[%emt 0:00:01]} gxf6 {[%emt 0:00:01]} 39. Re8+ {[%emt 0:00:01]} Kg7 {[%emt 0:00:01]} 40. Rxd8 {[%emt 0:00:00]} a4 {[%emt 0:00:01]} 41. Rg8+ {[%emt 0:00:01]} Kxg8 {[%emt 0:00:00]} 42. d8=Q+ {[%emt 0:00:01]} Kg7 {[%emt 0:00:00]} 43. Qd2 {[%emt 0:00:01]} Kg6 {[%emt 0:00:01]} 44. Qd3+ {[%emt 0:00:01]} f5 {[%emt 0:00:01]} 45. Qd6+ {[%emt 0:00:01]} Kh5 {[%emt 0:00:00]} 46. Be2+ {[%emt 0:00:01]} Kg5 {[%emt 0:00:01]} 47. h4+ {[%emt 0:00:01]} Kxh4 {[%emt 0:00:01]} 48. Qf4+ {[%emt 0:00:01]} 1-0

[Event "Test Tournament"]
[Site "Emanuel Lasker Arena"]
[Date "2024.04.02"]
[Round "2"]
[White "ArrowPlay"]
[Black "Toby Ziegler"]
[Result "1/2-1/2"]
[WhiteElo "1983"]
[BlackElo "2084"]
[Annotator "RC"]
[PlyCount "98"]
[EventDate "2024.04.02"]
[EventType "swiss (blitz)"]

1. d4 {[%emt 0:00:01]} d5 {[%emt 0:00:01]} 2. c4 {[%emt 0:00:01]} e6 {[%emt 0:00:01]} 3. Nc3 {[%emt 0:00:01]} Nf6 {[%emt 0:00:01]} 4. Bg5 {[%emt 0:00:01]} Be7 {[%emt 0:00:01]} 5. e3 {[%emt 0:00:01]} h6 {[%emt 0:00:01]} 6. Bh4 {[%emt 0:00:01]} O-O {[%emt 0:00:01]} 7. Nf3 {[%emt 0:00:01]} b6 {[%emt 0:00:01]} 8. Bd3 {[%emt 0:00:01]} c5 {[%emt 0:00:02]} 9. cxd5 {[%emt 0:00:01]} Nxd5 {[%emt 0:00:00]} 10. Bg3 {[%emt 0:00:01]} cxd4 {[%emt 0:00:01]} 11. exd4 {[%emt 0:00:00]} Nc6 {[%emt 0:00:01]} 12. O-O {[%emt 0:00:01]} Bb7 {[%emt 0:00:01]} 13. a3 {[%emt 0:00:01]} Qd7 {[%emt 0:00:01]} 14. Qe2 {[%emt 0:00:01]} Bf6 {[%emt 0:00:01]} 15. Nb5 {[%emt 0:00:02]} Ba6 {[%emt 0:00:02]} 16. Rfe1 {[%emt 0:00:01]} g6 {[%emt 0:00:01]} 17. Ne5 {[%emt 0:00:01]} Nxe5 {[%emt 0:00:02]} 18. dxe5 {[%emt 0:00:01]} Bg5 {[%emt 0:00:01]} 19. Red1 {[%emt 0:00:01]} Nf4 {[%emt 0:00:01]} 20. Bxf4 {[%emt 0:00:01]} Bxf4 {[%emt 0:00:01]} 21. g3 {[%emt 0:00:02]} Bg5 {[%emt 0:00:01]} 22. Nd6 {[%emt 0:00:01]} Bb7 {[%emt 0:00:02]} 23. f4 {[%emt 0:00:02]} Be7 {[%emt 0:00:02]} 24. Bb5 {[%emt 0:00:01]} Qc7 {[%emt 0:00:02]} 25. Rac1 {[%emt 0:00:02]} Qb8 {[%emt 0:00:01]} 26. a4 {[%emt 0:00:02]} Bd5 {[%emt 0:00:01]} 27. Bc6 {[%emt 0:00:04]} Bb3 {[%emt 0:00:01]} 28. Rd2 {[%emt 0:00:02]} Qc7 {[%emt 0:00:01]} 29. h4 {[%emt 0:00:01]} Bxa4 {[%emt 0:00:02]} 30. Qf3 {[%emt 0:00:02]} h5 {[%emt 0:00:01]} 31. b4 {[%emt 0:00:01]} Rad8 {[%emt 0:00:01]} 32. Kh2 {[%emt 0:00:01]} Bxc6 {[%emt 0:00:00]} 33. Rxc6 {[%emt 0:00:00]} Qd7 {[%emt 0:00:02]} 34. Qc3 {[%emt 0:00:02]} b5 {[%emt 0:00:01]} 35. Rc7 {[%emt 0:00:02]} a6 {[%emt 0:00:01]} 36. Rxd7 {[%emt 0:00:01]} Rxd7 {[%emt 0:00:00]} 37. Qc6 {[%emt 0:00:01]} Rfd8 {[%emt 0:00:02]} 38. Qxa6 {[%emt 0:00:01]} Rb8 {[%emt 0:00:01]} 39. Rc2 {[%emt 0:00:01]} Bf8 {[%emt 0:00:02]} 40. Rc8 {[%emt 0:00:01]} Rxc8 {[%emt 0:00:02]} 41. Qxc8 {[%emt 0:00:01]} Ra7 {[%emt 0:00:02]} 42. Kh3 {[%emt 0:00:01]} Ra1 {[%emt 0:00:02]} 43. Ne4 {[%emt 0:00:01]} Rh1+ {[%emt 0:00:02]} 44. Kg2 {[%emt 0:00:01]} Rb1 {[%emt 0:00:01]} 45. Nf6+ {[%emt 0:00:01]} Kg7 {[%emt 0:00:01]} 46. Ne8+ {[%emt 0:00:01]} Kg8 {[%emt 0:00:01]} 47. Nf6+ {[%emt 0:00:01]} Kg7 {[%emt 0:00:00]} 48. Ne8+ {[%emt 0:00:01]} Kh7 {[%emt 0:00:00]} 49. Nf6+ {[%emt 0:00:01]} Kg7 {[%emt 0:00:00]} 1/2-1/2